[Event "Chioggia op-B 12th"]
[Site "Chioggia"]
[Date "2017.10.08"]
[Round "4"]
[White "Ricci, Alfredo"]
[Black "Gioga, Michele"]
[Result "0-1"]
[WhiteElo "1827"]
[BlackElo "1740"]
[PlyCount "98"]
[EventDate "2017.10.06"]
[EventType "swiss"]
[EventRounds "5"]
[EventCountry "ITA"]
[SourceTitle "EXT 2022"]
[Source "ChessBase"]
[SourceDate "2021.10.06"]
[SourceVersion "1"]
[SourceVersionDate "2021.10.06"]
[SourceQuality "1"]

1. e4 c6 2. d4 d5 3. exd5 cxd5 4. Bd3 Nf6 5. Nf3 Nc6 6. 0-0 e6 7. Bf4 Be7 8. c3 a6 9. Nbd2 0-0 10. Qe2 Re8 11. h3 b5 12. b4 Bb7 13. Nb3 Qb6 14. Nc5 h6 15. a3 Bf8 16. g4 g6 17. Kh2 Rad8 18. Kh1 Bg7 19. Rg1 Bc8 20. Ne5 Nxe5 21. Bxe5 Bd7 22. Qf3 Nh7 23. Bxg7 Kxg7 24. Qg3 Bc8 25. f4 Qd6 26. h4 f6 27. Kg2 e5 28. fxe5 fxe5 29. dxe5 Rxe5 30. a4 bxa4 31. Rxa4 d4 32. c4 Qc6+ 33. Kh2 Rxc5 34. bxc5 Qxa4 35. Qe5+ Kg8 36. Bxg6 Qd7 37. Rf1 Qg7 38. Bf7+ Kh8 39. Qc7 Rf8 40. g5 hxg5 41. Qe7 gxh4 42. Qxh4 Rxf7 43. Qd8+ Rf8 44. Rxf8+ Qxf8 45. Qxd4+ Kg8 46. Qd5+ Kg7 47. Qg2+ Kh6 48. Qd2+ Ng5 49. Qc3 Qf2+ 0-1

[Event "Chioggia op-B 12th"]
[Site "Chioggia"]
[Date "2017.10.07"]
[Round "3"]
[White "Di Lascio, Savino"]
[Black "Ricci, Alfredo"]
[Result "1-0"]
[WhiteElo "1895"]
[BlackElo "1827"]
[PlyCount "54"]
[EventDate "2017.10.06"]
[EventType "swiss"]
[EventRounds "5"]
[EventCountry "ITA"]
[SourceTitle "EXT 2022"]
[Source "ChessBase"]
[SourceDate "2021.10.06"]
[SourceVersion "1"]
[SourceVersionDate "2021.10.06"]
[SourceQuality "1"]

1. Nf3 d5 2. g3 Nf6 3. Bg2 g6 4. b4 Bg7 5. Bb2 0-0 6. 0-0 c6 7. d3 Qb6 8. a3 c5 9. Nbd2 Nc6 10. c4 e6 11. Rb1 cxb4 12. axb4 Nxb4 13. Bd4 Qa5 14. Bc3 Qc7 15. Rxb4 Rd8 16. Qa1 Qe7 17. Rfb1 Ne8 18. Bxg7 Nxg7 19. Ne5 f6 20. Ng4 Ne8 21. cxd5 e5 22. Ne3 Nc7 23. Ndc4 Na6 24. d6 Qf8 25. Bxb7 Nxb4 26. Bxa8 Nc2 27. Bd5+ Kh8 1-0

[Event "Verona op-B"]
[Site "Verona"]
[Date "2017.01.05"]
[Round "6.2"]
[White "Ricci, Alfredo"]
[Black "Lichii, Elizaveta"]
[Result "0-1"]
[WhiteElo "1824"]
[BlackElo "1758"]
[PlyCount "120"]
[EventDate "2017.01.02"]
[EventType "swiss"]
[EventRounds "7"]
[EventCountry "ITA"]
[SourceTitle "EXT 2018"]
[Source "ChessBase"]
[SourceDate "2017.10.13"]
[SourceVersion "1"]
[SourceVersionDate "2017.10.13"]
[SourceQuality "1"]

1. e4 c5 2. Nf3 e6 3. d4 cxd4 4. Nxd4 a6 5. Bd3 Qc7 6. 0-0 Nf6 7. Kh1 Nc6 8. Nxc6 bxc6 9. f4 d5 10. Nc3 Bb7 11. Qe1 Be7 12. Bd2 0-0 13. Qg3 d4 14. Ne2 c5 15. e5 Ne4 16. Qh3 g6 17. Be1 Rfd8 18. b3 a5 19. Ng3 Nxg3+ 20. Qxg3 Qc6 21. Bd2 a4 22. Rg1 axb3 23. axb3 Rxa1 24. Rxa1 Ra8 25. Rxa8+ Bxa8 26. Bf1 Qe4 27. Qd3 Qxd3 28. Bxd3 Bc6 29. Kg1 Kf8 30. Kf2 Ke8 31. Be2 h5 32. Bf3 Kd7 33. Ke2 Bb5+ 34. Kd1 Bc6 35. Ke2 Bb5+ 36. Kf2 Bd8 37. g4 hxg4 38. Bxg4 Bh4+ 39. Kg2 Bc6+ 40. Bf3 Bd8 41. Be1 Bb5 42. Be4 Be2 43. Bg3 Bg4 44. Kf2 Kc7 45. Ke1 Kb6 46. Kd2 Kb5 47. Bd3+ Kc6 48. Be4+ Kb5 49. Kd3 Be7 50. Be1 Bh3 51. c4+ Kb6 52. Kc2 Bf1 53. Bf3 Bh3 54. Bf2 Ka5 55. Bc6 f6 56. Be8 Bf5+ 57. Kb2 fxe5 58. fxe5 Bg5 59. b4+ Kxb4 60. Bb5 d3 0-1

[Event "Chioggia op-A 10th"]
[Site "Chioggia"]
[Date "2015.10.10"]
[Round "3"]
[White "Fregonese, Giulio"]
[Black "Ricci, Alfredo"]
[Result "1-0"]
[WhiteElo "2066"]
[BlackElo "1961"]
[PlyCount "73"]
[EventDate "2015.10.09"]
[EventType "swiss"]
[EventRounds "5"]
[EventCountry "ITA"]
[SourceTitle "EXT 2022"]
[Source "ChessBase"]
[SourceDate "2021.10.06"]
[SourceVersion "1"]
[SourceVersionDate "2021.10.06"]
[SourceQuality "1"]

1. e4 c5 2. c3 d5 3. exd5 Qxd5 4. d4 e5 5. dxe5 Qxd1+ 6. Kxd1 Nc6 7. Bf4 Nge7 8. Bg3 Nf5 9. Bb5 Bd7 10. Nf3 0-0-0 11. Bxc6 Bxc6+ 12. Nbd2 f6 13. Kc2 h5 14. exf6 gxf6 15. Bf4 Rg8 16. Rhg1 Bb5 17. c4 Bc6 18. g3 Bg7 19. Rge1 b6 20. Rad1 Rge8 21. b3 h4 22. h3 hxg3 23. fxg3 Nd4+ 24. Nxd4 cxd4 25. Kd3 Re3+ 26. Bxe3 dxe3+ 27. Kxe3 f5 28. Nf3 Re8+ 29. Kf2 Be4 30. Ng5 Bc3 31. Re2 Bb4 32. g4 Rf8 33. Nxe4 fxe4+ 34. Kg3 Rf3+ 35. Kg2 Bc5 36. Rd5 Rf4 37. Rf5 1-0

[Event "Chioggia op-A 10th"]
[Site "Chioggia"]
[Date "2015.10.10"]
[Round "2"]
[White "Ricci, Alfredo"]
[Black "Scarsella, Lorenzo Luigi"]
[Result "1-0"]
[WhiteElo "1961"]
[BlackElo "1897"]
[PlyCount "133"]
[EventDate "2015.10.09"]
[EventType "swiss"]
[EventRounds "5"]
[EventCountry "ITA"]
[SourceTitle "EXT 2022"]
[Source "ChessBase"]
[SourceDate "2021.10.06"]
[SourceVersion "1"]
[SourceVersionDate "2021.10.06"]
[SourceQuality "1"]

1. e4 d6 2. d4 Nf6 3. Nc3 g6 4. f4 Bg7 5. Nf3 0-0 6. Be3 Nbd7 7. e5 Ne8 8. Bc4 Nb6 9. Bb3 a5 10. a4 c6 11. 0-0 h6 12. Qe2 e6 13. Rad1 d5 14. Qd3 Qe7 15. Ne2 Nc7 16. c3 Na6 17. g4 c5 18. Qb5 Nd7 19. dxc5 Naxc5 20. Bc2 b6 21. Bxc5 bxc5 22. Qd3 Ba6 23. Qd2 Rab8 24. b3 Kh7 25. Rfe1 f5 26. gxf5 gxf5 27. Ng3 Qe8 28. h3 Kh8 29. Kh2 Rg8 30. Rg1 Nf8 31. Qf2 Rc8 32. Nxf5 exf5 33. Bxf5 Rb8 34. Bc2 Ne6 35. Nh4 Nf8 36. Rxd5 c4 37. Rxa5 cxb3 38. Bb1 Bc8 39. Ra7 Bb7 40. Qe3 Qc6 41. a5 Ra8 42. Rxb7 Qxb7 43. Be4 Qa7 44. Qb6 Qxa5 45. Qxb3 Qa2+ 46. Qxa2 Rxa2+ 47. Kh1 Ra5 48. c4 Rc5 49. Bd5 h5 50. Rg5 Kh7 51. Rxh5+ Bh6 52. Bxg8+ Kxg8 53. Rxh6 Rxc4 54. Rf6 Ra4 55. Kg2 Ra3 56. Rd6 Kf7 57. Rf6+ Ke8 58. Rb6 Nd7 59. Rb7 Nc5 60. Rh7 Ne4 61. Nf5 Rd3 62. h4 Nc5 63. e6 Rd2+ 64. Kf3 Kd8 65. e7+ Kd7 66. Rh8 Rd3+ 67. Kg4 1-0

[Event "Arco op 36th"]
[Site "Arco"]
[Date "2014.10.12"]
[Round "9"]
[White "Ricci, Alfredo"]
[Black "Wagner, Frank"]
[Result "0-1"]
[WhiteElo "1949"]
[BlackElo "1898"]
[PlyCount "78"]
[EventDate "2014.10.04"]
[EventType "swiss"]
[EventRounds "9"]
[EventCountry "ITA"]
[SourceTitle "EXT 2016"]
[Source "ChessBase"]
[SourceDate "2015.10.08"]
[SourceVersion "1"]
[SourceVersionDate "2015.10.08"]
[SourceQuality "1"]

1. e4 b6 2. d4 Bb7 3. Bd3 e6 4. Nf3 c5 5. c3 cxd4 6. cxd4 Nf6 7. Qe2 Be7 8. 0-0 0-0 9. Nc3 Nc6 10. e5 Ne8 11. h4 f5 12. a3 Na5 13. Bc2 Nc7 14. b4 Ba6 15. b5 Bb7 16. Ng5 h6 17. Nf3 Rc8 18. Bd2 Bxh4 19. Rfc1 Bxf3 20. gxf3 Qe8 21. f4 g5 22. fxg5 hxg5 23. Qd3 Qh5 24. Bd1 Qg6 25. d5 g4 26. d6 Ne8 27. Ne2 Ng7 28. Bxa5 bxa5 29. Rc7 Nh5 30. Rac1 Rcd8 31. Kg2 Qg5 32. Rxd7 Rxd7 33. Bb3 Qxc1 34. Bxe6+ Kg7 35. Bxd7 Nf4+ 36. Nxf4 Qxf4 37. e6 Qxf2+ 38. Kh1 g3 39. Bc6 Qh2# 0-1

[Event "Arco op 36th"]
[Site "Arco"]
[Date "2014.10.11"]
[Round "8"]
[White "Al Hajiri, Bader"]
[Black "Ricci, Alfredo"]
[Result "1-0"]
[WhiteElo "2130"]
[BlackElo "1949"]
[PlyCount "65"]
[EventDate "2014.10.04"]
[EventType "swiss"]
[EventRounds "9"]
[EventCountry "ITA"]
[SourceTitle "EXT 2016"]
[Source "ChessBase"]
[SourceDate "2015.10.08"]
[SourceVersion "1"]
[SourceVersionDate "2015.10.08"]
[SourceQuality "1"]

1. e4 c5 2. Nf3 e6 3. d4 cxd4 4. Nxd4 a6 5. Bd3 Nf6 6. Nc3 d6 7. 0-0 Be7 8. f4 Qb6 9. Kh1 Nbd7 10. Be3 Qxb2 11. Qd2 Qa3 12. Rab1 Qa5 13. Nf3 Qc7 14. a4 0-0 15. a5 Re8 16. Na4 Qc6 17. Nb6 Nxb6 18. Rxb6 Qa4 19. c4 Nd7 20. Rbb1 Bf6 21. g4 g6 22. Nd4 Nc5 23. g5 Bg7 24. Bc2 Qd7 25. Nf3 Qc7 26. Rfd1 Bf8 27. Kg2 Rd8 28. Ne5 Be7 29. Ng4 e5 30. Nh6+ Kg7 31. f5 Bf8 32. Bxc5 Qxc5 33. f6+ 1-0

[Event "Arco op 36th"]
[Site "Arco"]
[Date "2014.10.08"]
[Round "5"]
[White "Ager, Josef"]
[Black "Ricci, Alfredo"]
[Result "1-0"]
[WhiteElo "2125"]
[BlackElo "1949"]
[PlyCount "49"]
[EventDate "2014.10.04"]
[EventType "swiss"]
[EventRounds "9"]
[EventCountry "ITA"]
[SourceTitle "CBM 162 Extra"]
[Source "ChessBase"]
[SourceDate "2014.10.17"]
[SourceVersion "1"]
[SourceVersionDate "2014.10.17"]
[SourceQuality "1"]

1. d4 c5 2. d5 Nf6 3. Nc3 a6 4. a4 g6 5. e4 d6 6. Nge2 Bg7 7. Ng3 0-0 8. Be2 e6 9. 0-0 exd5 10. exd5 Nbd7 11. h3 Re8 12. Bg5 b6 13. Qd2 Qc7 14. Rac1 Bb7 15. Rfd1 Rac8 16. Bh6 Bh8 17. Bc4 b5 18. axb5 Nb6 19. b3 a5 20. Re1 Rxe1+ 21. Rxe1 Ra8 22. Nf5 Nc8 23. g4 Qd8 24. Qe3 Rb8 25. g5 1-0

[Event "Arco op 36th"]
[Site "Arco"]
[Date "2014.10.05"]
[Round "2"]
[White "Ricci, Alfredo"]
[Black "Kern, Beat"]
[Result "1-0"]
[WhiteElo "1949"]
[BlackElo "1622"]
[PlyCount "77"]
[EventDate "2014.10.04"]
[EventType "swiss"]
[EventRounds "9"]
[EventCountry "ITA"]
[SourceTitle "EXT 2016"]
[Source "ChessBase"]
[SourceDate "2015.10.08"]
[SourceVersion "1"]
[SourceVersionDate "2015.10.08"]
[SourceQuality "1"]

1. e4 c6 2. d4 d5 3. exd5 cxd5 4. Bd3 e6 5. Bf4 Nc6 6. c3 Bd6 7. Bxd6 Qxd6 8. Nf3 Nf6 9. 0-0 0-0 10. Qe2 Bd7 11. Nbd2 Rac8 12. Ne5 a6 13. a4 Nb8 14. f4 Rc7 15. g4 Bc6 16. g5 Ne4 17. Nxe4 dxe4 18. Bxe4 Bxe4 19. Qxe4 Qd5 20. Qxd5 exd5 21. Nd3 a5 22. Rfe1 Nc6 23. Re2 f6 24. Rae1 fxg5 25. fxg5 g6 26. Rf2 Rcf7 27. Rxf7 Rxf7 28. Kg2 Kg7 29. Kg3 Rf5 30. h4 h6 31. gxh6+ Kxh6 32. Ne5 Kg7 33. Nxc6 bxc6 34. Re6 Rf1 35. Rxc6 Rb1 36. Rb6 Rd1 37. Rb5 Rd2 38. Rxa5 Rxb2 39. Rxd5 1-0

[Event "Mirandola Giovanni Pico op 4th"]
[Site "Mirandola"]
[Date "2011.01.16"]
[Round "4"]
[White "Zuccaro, Guido"]
[Black "Ricci, Alfredo"]
[Result "0-1"]
[WhiteElo "1728"]
[BlackElo "1964"]
[PlyCount "62"]
[EventDate "2011.01.14"]
[EventType "swiss"]
[EventRounds "5"]
[EventCountry "ITA"]
[SourceTitle "EXT 2012"]
[Source "ChessBase"]
[SourceDate "2011.11.24"]
[SourceVersion "1"]
[SourceVersionDate "2011.11.24"]
[SourceQuality "1"]

1. c4 Nf6 2. Nc3 g6 3. d4 d5 4. cxd5 Nxd5 5. e4 Nxc3 6. bxc3 c5 7. Bb5+ Bd7 8. Bxd7+ Nxd7 9. Nf3 Bg7 10. Be3 Qa5 11. Qd3 cxd4 12. Bxd4 e5 13. Be3 Rc8 14. Bd2 Qa4 15. 0-0 0-0 16. Be3 Nc5 17. Bxc5 Rxc5 18. Rfb1 Qc6 19. Rb3 Rc8 20. g3 Rxc3 21. Qd5 Rxb3 22. axb3 Qc3 23. Qd1 a6 24. Kg2 Bf6 25. Rb1 Qc2 26. Qxc2 Rxc2 27. Rd1 Rc3 28. Rd6 Kg7 29. Rb6 Rc7 30. Nd2 Bd8 31. Rd6 Be7 0-1

[Event "Mirandola Giovanni Pico op 4th"]
[Site "Mirandola"]
[Date "2011.01.15"]
[Round "2"]
[White "Ricci, Alfredo"]
[Black "Dorati, Giuseppe"]
[Result "1-0"]
[WhiteElo "1964"]
[BlackElo "1811"]
[PlyCount "77"]
[EventDate "2011.01.14"]
[EventType "swiss"]
[EventRounds "5"]
[EventCountry "ITA"]
[SourceTitle "EXT 2012"]
[Source "ChessBase"]
[SourceDate "2011.11.24"]
[SourceVersion "1"]
[SourceVersionDate "2011.11.24"]
[SourceQuality "1"]

1. e4 e6 2. d4 d5 3. Nc3 dxe4 4. Nxe4 Bd7 5. Nf3 Bc6 6. Bd3 Bxe4 7. Bxe4 c6 8. 0-0 Nf6 9. Bd3 Bd6 10. Qe2 Nbd7 11. Bg5 Qc7 12. a3 0-0 13. Rfe1 Rfe8 14. Ne5 h6 15. Bh4 c5 16. Nxd7 Nxd7 17. d5 Bxh2+ 18. Kh1 Be5 19. c4 Bf6 20. Bg3 Qd8 21. d6 Nf8 22. Rab1 Bh4 23. Be5 f6 24. Bh2 e5 25. Red1 Qd7 26. Qh5 Bxf2 27. b4 b6 28. Bf5 Qf7 29. Qf3 Bd4 30. bxc5 Bxc5 31. Bg1 Bxg1 32. Kxg1 Rab8 33. Qc6 Red8 34. c5 bxc5 35. Rxb8 Rxb8 36. Qc7 Qb3 37. Rd3 Qb6 38. Rg3 Rb7 39. Rxg7+ 1-0

[Event "Arco op 32nd"]
[Site "Arco"]
[Date "2010.10.21"]
[Round "6"]
[White "Ricci, Alfredo"]
[Black "Luciani, Carlo"]
[Result "0-1"]
[WhiteElo "1969"]
[BlackElo "2230"]
[PlyCount "76"]
[EventDate "2010.10.16"]
[EventType "swiss"]
[EventRounds "9"]
[EventCountry "ITA"]
[SourceTitle "CBM 138 Extra"]
[Source "ChessBase"]
[SourceDate "2010.10.29"]
[SourceVersion "1"]
[SourceVersionDate "2010.10.29"]
[SourceQuality "1"]

1. d4 Nf6 2. Nf3 g6 3. b3 Bg7 4. Nbd2 c5 5. e3 0-0 6. Bb2 b6 7. c4 cxd4 8. exd4 d5 9. Be2 Bb7 10. 0-0 Nbd7 11. Re1 e6 12. Bf1 Rc8 13. g3 Re8 14. Rc1 Rc7 15. Ne5 Nxe5 16. dxe5 Nd7 17. f4 Bf8 18. Bg2 Qa8 19. Qe2 Rec8 20. h4 b5 21. cxd5 Rc2 22. dxe6 fxe6 23. Rxc2 Rxc2 24. Bxb7 Qxb7 25. Bd4 Qd5 26. Qe3 Bb4 27. Re2 Bxd2 28. Rxd2 Rc1+ 29. Kf2 Qh1 30. Qe2 Rg1 31. Qg4 Qg2+ 32. Ke3 Re1+ 33. Kd3 Qe4+ 34. Kc3 Kf7 35. b4 Nb6 36. Rd1 Nd5+ 37. Kb3 Re2 38. Rc1 Qd3+ 0-1

[Event "Arco op 32nd"]
[Site "Arco"]
[Date "2010.10.17"]
[Round "2"]
[White "Ricci, Alfredo"]
[Black "Calavalle, Giulio"]
[Result "0-1"]
[WhiteElo "1969"]
[BlackElo "2238"]
[PlyCount "44"]
[EventDate "2010.10.16"]
[EventType "swiss"]
[EventRounds "9"]
[EventCountry "ITA"]
[SourceTitle "CBM 138 Extra"]
[Source "ChessBase"]
[SourceDate "2010.10.29"]
[SourceVersion "1"]
[SourceVersionDate "2010.10.29"]
[SourceQuality "1"]

1. b3 e5 2. Bb2 Nc6 3. e4 Bc5 4. Nf3 d6 5. Nc3 a6 6. Be2 Nge7 7. 0-0 0-0 8. h3 Ng6 9. Nd5 Be6 10. d3 Bxd5 11. exd5 Nce7 12. c4 Bb6 13. d4 f6 14. Bd3 Nf4 15. Qc2 Nxd3 16. Qxd3 Ng6 17. g3 Qd7 18. Kg2 Rae8 19. Rfe1 Qe7 20. dxe5 fxe5 21. Nd4 Qg5 22. Bc1 Qf6 0-1

[Event "Basso Veronese  op-A 3rd"]
[Site "Verona"]
[Date "2010.06.06"]
[Round "5"]
[White "Codenotti, Marco"]
[Black "Ricci, Alfredo"]
[Result "1-0"]
[WhiteElo "2163"]
[BlackElo "1980"]
[PlyCount "77"]
[EventDate "2010.05.29"]
[EventType "swiss"]
[EventRounds "6"]
[EventCountry "ITA"]
[SourceTitle "EXT 2011"]
[Source "ChessBase"]
[SourceDate "2010.11.26"]
[SourceVersion "1"]
[SourceVersionDate "2010.11.26"]
[SourceQuality "1"]

1. e4 c5 2. Nf3 Nc6 3. d4 cxd4 4. Nxd4 g6 5. c4 Bg7 6. Be3 d6 7. Nc3 Nf6 8. Be2 Bd7 9. 0-0 Nxd4 10. Bxd4 Bc6 11. f3 0-0 12. Qd2 Nd7 13. Be3 Re8 14. b4 b6 15. Rac1 Qc7 16. Rfd1 Rad8 17. Bf1 Qb8 18. a4 a5 19. bxa5 bxa5 20. Nb5 Nc5 21. Rb1 Nxa4 22. Qc2 Nb6 23. Nc3 Bxc3 24. Rxb6 Bb4 25. Rxb8 Rxb8 26. c5 Rec8 27. Ba6 Rc7 28. cxd6 Bxd6 29. Qa2 a4 30. Bc4 Be8 31. Bd4 e6 32. Bxe6 Rb4 33. Be3 Be7 34. Bd5 Bf6 35. Rb1 Be7 36. Rxb4 Bxb4 37. Qb2 Bd6 38. Bh6 Bf8 39. Qb8 1-0

[Event "Basso Veronese  op-A 3rd"]
[Site "Verona"]
[Date "2010.05.29"]
[Round "1"]
[White "Negro, Raffaele"]
[Black "Ricci, Alfredo"]
[Result "1-0"]
[WhiteElo "1865"]
[BlackElo "1980"]
[PlyCount "53"]
[EventDate "2010.05.29"]
[EventType "swiss"]
[EventRounds "6"]
[EventCountry "ITA"]
[SourceTitle "EXT 2011"]
[Source "ChessBase"]
[SourceDate "2010.11.26"]
[SourceVersion "1"]
[SourceVersionDate "2010.11.26"]
[SourceQuality "1"]

1. d4 Nf6 2. Nf3 g6 3. Nc3 d5 4. Bf4 Bg7 5. Qd2 0-0 6. Bh6 b6 7. Bxg7 Kxg7 8. e3 Bb7 9. Be2 Ne4 10. Nxe4 dxe4 11. Ne5 Nd7 12. 0-0-0 f6 13. Nxd7 Qxd7 14. h4 Rad8 15. h5 Qe6 16. Kb1 c5 17. hxg6 hxg6 18. Rh3 Rh8 19. Rdh1 Rxh3 20. Rxh3 Qd6 21. Bc4 cxd4 22. exd4 g5 23. c3 e5 24. Qe2 Bc8 25. Rh1 g4 26. Qe3 f5 27. Qg5+ 1-0

[Event "Noale Szabados Memorial-B 3rd"]
[Site "Noale"]
[Date "2010.02.06"]
[Round "2"]
[White "Aprile, Martino"]
[Black "Ricci, Alfredo"]
[Result "1/2-1/2"]
[WhiteElo "1839"]
[BlackElo "1967"]
[PlyCount "85"]
[EventDate "2010.02.05"]
[EventType "swiss"]
[EventRounds "5"]
[EventCountry "ITA"]
[SourceTitle "EXT 2022"]
[Source "ChessBase"]
[SourceDate "2021.10.06"]
[SourceVersion "1"]
[SourceVersionDate "2021.10.06"]
[SourceQuality "1"]

1. Nf3 d5 2. g3 c5 3. c3 Nc6 4. Bg2 Nf6 5. d3 e5 6. Bg5 Be7 7. 0-0 0-0 8. Nbd2 Bf5 9. Nh4 Be6 10. Nhf3 Qd7 11. e4 Rfd8 12. Re1 h6 13. Bxf6 Bxf6 14. Qc2 Rac8 15. a3 b5 16. b3 a5 17. c4 Nd4 18. Nxd4 cxd4 19. exd5 Bxd5 20. Bxd5 Qxd5 21. Qb2 Qb7 22. Qa2 g6 23. a4 b4 24. Ne4 Bg7 25. Qe2 f5 26. Nd2 e4 27. Rad1 e3 28. fxe3 dxe3 29. Nf3 Re8 30. d4 Qe4 31. Rd3 f4 32. gxf4 Qxf4 33. Rxe3 Bxd4 34. Nxd4 Qxd4 35. Kh1 Rf8 36. Re7 Rc6 37. Rd1 Qf4 38. Rdd7 Qc1+ 39. Kg2 Qg5+ 40. Kh1 Qc1+ 41. Qe1 Qxe1+ 42. Rxe1 Rcf6 43. Ree7 1/2-1/2

[Event "Arco op 31st"]
[Site "Arco"]
[Date "2009.10.19"]
[Round "3"]
[White "Ricci, Alfredo"]
[Black "Del Nevo, Claudio"]
[Result "1-0"]
[WhiteElo "1993"]
[BlackElo "1858"]
[PlyCount "83"]
[EventDate "2009.10.17"]
[EventType "swiss"]
[EventRounds "9"]
[EventCountry "ITA"]
[SourceTitle "EXT 2010"]
[Source "ChessBase"]
[SourceDate "2010.11.25"]
[SourceVersion "1"]
[SourceVersionDate "2010.11.25"]
[SourceQuality "1"]

1. e4 d6 2. d4 Nf6 3. Nc3 g6 4. f4 Bg7 5. e5 dxe5 6. fxe5 Nd5 7. Bc4 Nxc3 8. bxc3 0-0 9. Nf3 c6 10. 0-0 b5 11. Bb3 Be6 12. Bxe6 fxe6 13. Ng5 Na6 14. Rxf8+ Qxf8 15. Nxe6 Qf5 16. Ng5 Rf8 17. Nf3 Nc7 18. a4 Nd5 19. axb5 Nxc3 20. Qd2 Nxb5 21. c4 Nc7 22. Rxa7 Ne6 23. Rxe7 c5 24. Rxe6 Qxe6 25. d5 Qf5 26. e6 Bd4+ 27. Kh1 Qe4 28. Qd1 Kg7 29. Ng5 Qg4 30. Nf3 Qe4 31. h3 h6 32. Nxd4 cxd4 33. Bb2 Rf4 34. d6 Qxe6 35. Bxd4+ Kf7 36. Bg1 Ke8 37. Qa4+ Qd7 38. Qa8+ Qd8 39. Qd5 Rf6 40. c5 Rf7 41. c6 Kf8 42. d7 1-0

[Event "Chioggia op-A 04th"]
[Site "Chioggia"]
[Date "2009.10.10"]
[Round "3"]
[White "Ricci, Alfredo"]
[Black "Polin, Giulia"]
[Result "0-1"]
[WhiteElo "1993"]
[BlackElo "1786"]
[PlyCount "46"]
[EventDate "2009.10.09"]
[EventType "swiss"]
[EventRounds "5"]
[EventCountry "ITA"]
[SourceTitle "EXT 2022"]
[Source "ChessBase"]
[SourceDate "2021.10.06"]
[SourceVersion "1"]
[SourceVersionDate "2021.10.06"]
[SourceQuality "1"]

1. e4 c5 2. Nf3 d6 3. d4 cxd4 4. Nxd4 Nf6 5. Bd3 e6 6. 0-0 Be7 7. Kh1 Nc6 8. Nxc6 bxc6 9. Qe1 Qc7 10. Nc3 Bb7 11. f4 0-0-0 12. Be3 Kb8 13. Qf2 Bc8 14. h3 h6 15. e5 Nd5 16. Nxd5 exd5 17. c4 dxc4 18. Bxc4 f6 19. exf6 Bxf6 20. Rac1 g5 21. b4 g4 22. h4 Qg7 23. g3 Qe7 0-1

[Event "Senigallia op 6th"]
[Site "Senigallia"]
[Date "2009.07.22"]
[Round "3"]
[White "Guidi, Marco"]
[Black "Ricci, Alfredo"]
[Result "1/2-1/2"]
[WhiteElo "1861"]
[BlackElo "2008"]
[PlyCount "170"]
[EventDate "2009.07.20"]
[EventType "swiss"]
[EventRounds "7"]
[EventCountry "ITA"]
[SourceTitle "EXT 2012"]
[Source "ChessBase"]
[SourceDate "2011.11.24"]
[SourceVersion "1"]
[SourceVersionDate "2011.11.24"]
[SourceQuality "1"]

1. a3 g6 2. f4 Bg7 3. Nf3 d6 4. e4 a6 5. d4 b6 6. Be3 Nf6 7. e5 Nd5 8. Bc1 b5 9. c4 bxc4 10. Bxc4 Nb6 11. Ba2 Bb7 12. Nc3 e6 13. 0-0 0-0 14. d5 exd5 15. Nxd5 Nc6 16. Nxb6 cxb6 17. Qxd6 Qxd6 18. exd6 Rfd8 19. Ne5 Rf8 20. Re1 Rad8 21. Be3 Rxd6 22. Bxb6 Nxe5 23. Bc5 Rd2 24. Bxf8 Bxf8 25. Rxe5 Rxg2+ 26. Kf1 Rxh2 27. Rae1 Rxb2 28. Bd5 Bxa3 29. Bxb7 Rxb7 30. Re8+ Kg7 31. Ra1 Bd6 32. f5 Ra7 33. Rd1 Bb4 34. Rd4 a5 35. Rf4 Bc3 36. Rc8 g5 37. Rfc4 Bb4 38. R8c6 Rd7 39. Ke2 Rd5 40. f6+ Kg6 41. Ke3 Rf5 42. Rc2 Rxf6 43. Rc8 Kg7 44. Ke4 h5 45. Ke5 Bd6+ 46. Kd5 Bf4 47. Ra8 h4 48. Ke4 Re6+ 49. Kf3 f5 50. Rxa5 Be5 51. Ra7+ Kg6 52. Rc8 g4+ 53. Kg2 f4 54. Rg8+ Kf5 55. Rh7 f3+ 56. Kf1 Bg3 57. Rf7+ Ke4 58. Rxg4+ Ke3 59. Rh7 Rb6 60. Re7+ Kd3 61. Rd7+ Kc3 62. Rd1 Rb2 63. Ra1 Rb3 64. Rg8 Kd3 65. Rd8+ Ke4 66. Rg8 Ke3 67. Re8+ Kf4 68. Ra4+ Kg5 69. Rg8+ Kf6 70. Ra1 Re3 71. Rb1 Kf7 72. Rg5 Rc3 73. Ra1 Kf6 74. Rg8 Kf5 75. Ra5+ Ke4 76. Ra4+ Kd3 77. Ra1 Kc2 78. Rg6 Rb3 79. Rc6+ Kd2 80. Re6 Rb2 81. Re8 h3 82. Rd8+ Kc2 83. Rh8 h2 84. Rxh2+ Bxh2 85. Ra3 Rb3 1/2-1/2

[Event "Perugia op"]
[Site "Perugia"]
[Date "2009.06.30"]
[Round "5"]
[White "Bertolini, Ettore"]
[Black "Ricci, Alfredo"]
[Result "0-1"]
[WhiteElo "1856"]
[BlackElo "2024"]
[PlyCount "96"]
[EventDate "2009.06.27"]
[EventType "swiss"]
[EventRounds "9"]
[EventCountry "ITA"]
[SourceTitle "EXT 2010"]
[Source "ChessBase"]
[SourceDate "2010.11.25"]
[SourceVersion "1"]
[SourceVersionDate "2010.11.25"]
[SourceQuality "1"]

1. e4 c5 2. Nf3 e6 3. d4 cxd4 4. Nxd4 a6 5. Nc3 Qc7 6. g3 d6 7. Bg2 Nf6 8. 0-0 Be7 9. a4 0-0 10. Be3 Nc6 11. Nxc6 bxc6 12. a5 Bb7 13. Bb6 Qc8 14. Qd3 Nd7 15. Na4 c5 16. Rfd1 Bc6 17. f4 Qb7 18. Rd2 Rac8 19. b3 Bb5 20. c4 Bc6 21. e5 Bxg2 22. Rxg2 dxe5 23. Rd2 Nxb6 24. Nxb6 Rcd8 25. Nd7 exf4 26. gxf4 Kh8 27. Rad1 Rfe8 28. Qe3 Qc7 29. Ne5 Rxd2 30. Rxd2 Kg8 31. Rd7 Qxa5 32. Nc6 Qa1+ 33. Kf2 Bf6 34. Qxc5 Qb2+ 35. Kf3 Qxb3+ 36. Ke2 Qc2+ 37. Kf3 Qxh2 38. Ne7+ Kh8 39. Qc7 Qh3+ 40. Ke4 Bxe7 41. Rxe7 Qf5+ 42. Kf3 Rf8 43. c5 g5 44. Ke2 Qxf4 45. Qa7 Rd8 46. c6 Rd2+ 47. Ke1 Rc2 48. Rd7 Qb4+ 0-1

[Event "Perugia op"]
[Site "Perugia"]
[Date "2009.06.29"]
[Round "4"]
[White "Ricci, Alfredo"]
[Black "Barletta, Mauro"]
[Result "0-1"]
[WhiteElo "2024"]
[BlackElo "2224"]
[PlyCount "66"]
[EventDate "2009.06.27"]
[EventType "swiss"]
[EventRounds "9"]
[EventCountry "ITA"]
[SourceTitle "EXT 2010"]
[Source "ChessBase"]
[SourceDate "2010.11.25"]
[SourceVersion "1"]
[SourceVersionDate "2010.11.25"]
[SourceQuality "1"]

1. e4 d5 2. exd5 Qxd5 3. Nf3 Bg4 4. Be2 Nc6 5. 0-0 0-0-0 6. Re1 Nf6 7. d3 e6 8. Nc3 Qf5 9. Be3 Bd6 10. a3 h5 11. b4 Bxf3 12. Bxf3 Qe5 13. Ne2 Qxh2+ 14. Kf1 Ne5 15. Ng1 Nfg4 16. Bg5 f6 17. Bd2 Nxf3 18. Qxf3 Qh4 19. Ke2 f5 20. Nh3 Qf6 21. Rab1 Rde8 22. Kd1 e5 23. Qd5 e4 24. dxe4 fxe4 25. Rxe4 Rxe4 26. Qxe4 Nxf2+ 27. Nxf2 Qxf2 28. Kc1 Qf7 29. Bc3 Re8 30. Qh4 g5 31. Qh1 Qa2 32. Rb3 Bf4+ 33. Kd1 Rd8+ 0-1